Przemiany społeczne na Ziemiach Odzyskanych po II wojnie światowej (z wyartykułowaniem Ziemi Lubuskiej)
| Titel: | Przemiany społeczne na Ziemiach Odzyskanych po II wojnie światowej (z wyartykułowaniem Ziemi Lubuskiej) |
|---|---|
| Verfasser: | |
| In: |
Ruch ludowy wobec ziem odzyskanych, (2005), Seite 7-15 alle Artikel anzeigen |
| Veröffentlicht: | 2005 |
| Format: | Aufsatz |
| Sprache: | Polnisch |
X
alg: 39451022 001A $01999:12-11-16 001B $01999:29-04-21 $t21:34:08.000 001D $01999:12-11-16 001U $0utf8 001X $00 002@ $0Aox 003@ $0394510224 007A $0394510224 $aHEB 007T $0Herdww028158 010@ $apol 011@ $a2005 021A $aPrzemiany społeczne na Ziemiach Odzyskanych po II wojnie światowej (z wyartykułowaniem Ziemi Lubuskiej) 027A $aGesellschaftliche Veränderungen in den Wiedergewonnenen Gebieten nach dem Zweiten Weltkrieg (mit Akzentuierung auf dem Lebuser Land) 028A $7122860535 $8Osękowski, Czesław$Z1952- [Tp1] $9153922451 031A $h7-15 $j2005 039B $aIn $8--Aau--. Ruch ludowy wobec ziem odzyskanych, 2005. - 180 S.. - graph. Darst.. - ISBN 83-89712-58-X $x200500000000000993 $9176705252 045F $a306.094385 $eDDC23BSB 045F/01 $a306.09 045F/03 $g4385 046C $aGesellschaftliche Veränderungen in den Wiedergewonnenen Gebieten nach dem Zweiten Weltkrieg (mit Akzentuierung auf dem Lebuser Land) $bÜbers. des Hauptsacht. lok: 39451022 78 exp: 39451022 78 1 #EPN 201B/01 $019-02-18 $t23:22:13.000 201U/01 $0utf8 203@/01 $0790620642 208@/01 $a12-11-16 $be 209A/01 $a/ $f000 $x00 220C/01 $aTitelaufnehmer: BN 220C/01 $aHerkunft: IH UWr 244Z/01 $2Trx $#Silesia $#Śląsk $#Sliezsko $#Slezsko $8--Trx--Schlesien $x01 $9391173987 244Z/01 $#Ziemia Lubuska $#Lebuser Seenplatte $#Lubusz Region $74111196-5 $8--Tg1--Land Lebus $x02 $9085327999 244Z/01 $aGeschichte 1945-1950 $x03 244Z/01 $2Trx $#rahvastik liikumine ja struktuur $#gyventojai $#population migration, social stratification of the population $#népesség mozgalom és struktúra $#ludność ruch naturalny i struktura $#obyvateľstvo pohyb a štruktúra obyvateľstva $#obyvatelstvo pohyb a struktura obyvatelstva $#Sozialstruktur $#struktura społeczna $8--Trx--Bevölkerung$gBewegung und Struktur $x04 $9391372521 244Z/01 $2Trx $#asundusajalugu $#kolonizacija $#history of settlements $#településtörténet $#osadnictwo $#dejiny osídlenia $#dějiny osídlení $#osídlenie $#osídlení $8--Trx--Siedlungsgeschichte $x05 $9391357131 244Z/01 $2Trx $#migratsioonid $#migracijos $#migrations $#migrációk $#migracje $#migrácie $#migrace $8--Trx--Migrationen $x06 $9391383477 244Z/01 $2Trx $8--Trx--Einzelbeiträge $x07 $9391384570 245Z/01 $a13.02 $x01 245Z/01 $a09.08 $x02 247C/01 $82080>Marburg/Lahn, Herder-Institut, Forschungsbibliothek, Bibliographieportal $9336309341
| LEADER | 00000caa a22000002c 4500 | ||
|---|---|---|---|
| 001 | 394510224 | ||
| 003 | DE-603 | ||
| 005 | 20210429213408.0 | ||
| 007 | tu | ||
| 008 | 161112s2005 xx |||| | u00||u|pol c | ||
| 035 | |a (DE-599)HEB394510224 | ||
| 040 | |a DE-603 |b ger |c DE-603 |d DE-603 | ||
| 041 | |a pol | ||
| 082 | 0 | 4 | |8 1\u |a 306.094385 |q DE-101 |2 23/BSB |
| 085 | |8 1\u |b 306.09 | ||
| 085 | |8 1\u |z 2 |s 4385 | ||
| 100 | 1 | |a Osękowski, Czesław |d 1952- |0 (DE-603)153922451 |0 (DE-588)122860535 |2 gnd | |
| 245 | 0 | 0 | |a Przemiany społeczne na Ziemiach Odzyskanych po II wojnie światowej (z wyartykułowaniem Ziemi Lubuskiej) |
| 246 | 1 | |i Übers. des Hauptsacht. |a Gesellschaftliche Veränderungen in den Wiedergewonnenen Gebieten nach dem Zweiten Weltkrieg (mit Akzentuierung auf dem Lebuser Land) | |
| 246 | 1 | 3 | |a Gesellschaftliche Veränderungen in den Wiedergewonnenen Gebieten nach dem Zweiten Weltkrieg (mit Akzentuierung auf dem Lebuser Land) |
| 264 | 0 | |c 2005 | |
| 773 | 0 | 8 | |i In |t Ruch ludowy wobec ziem odzyskanych |h 180 S., graph. Darst. |z 838971258X |g (2005), Seite 7-15 |w (DE-603)176705252 |
| 924 | 0 | |9 2080 |a (DE-603)790620642 |b DE-2080 |c HES |d d |g / | |


